000 00441nam a2200157 i 4500
001 65026
003 ES-MaACL
005 20230906165301.0
007 t|
008 040108s1940 gw ||||1| ger d
100 1 _aFrank, Reinhard.
_952312
245 1 0 _aEnglands herrschaft in Indien /
_cReinhard Frank.
260 _aBerlin :
_b[s.n.],
_c1940 (
_fDruck Erich Zander)
300 _a98 p. ;
_c20 cm.
852 _aES-MaACL
_j1831-F-14
_bR.19136
999 _c65026
_d65026